000 00571nam a2200229Ia 4500
003 OSt
005 20220912152249.0
006 a|||||r|||| 00| 0
007 ta
008 220909b |||||||| |||| 00| 0 eng d
024 _a55428
037 _cTextual
040 _aCSL
_beng
_cCSL
041 _aeng
082 _aL:Em3:N47, L3
245 0 _aLaw and ethics of AID and embryo transfer ciba foundation symposium - 17
260 _c1973
300 _ap.
_ccm.
650 _aMedicine
942 _hL:Em3:N47, L3
_cTEXL
_2CC
999 _c83195
_d83195